Fresh fruit and vegetable unloads in Western Cities 1979 by commodities, states, and months
Salvato in:
| Natura: | Libro |
|---|---|
| Lingua: | inglese |
| Pubblicazione: |
Washington
United States Department of Agriculture
1980
|
| Tags: |
Nessun Tag, puoi essere il primo ad aggiungerne!!
|
MARC
| LEADER | 00000nam a2200000 4500 | ||
|---|---|---|---|
| 001 | c142351 | ||
| 005 | 20041019155324.6 | ||
| 041 | 0 | |a eng | |
| 044 | |a US | ||
| 245 | 1 | 0 | |a Fresh fruit and vegetable unloads in Western Cities 1979 |b by commodities, states, and months |
| 264 | 1 | |a Washington |b United States Department of Agriculture |c 1980 | |
| 300 | |a 58 s. | ||